000 01186cam a2200157 4500500
005 20260405014048.0
041 _afre
042 _adc
100 1 0 _aMercier, Jacques
_eauthor
700 1 0 _aVergély, Pierre
_eauthor
700 1 0 _aMissenard, Yves
_eauthor
245 0 0 _aTectonique
260 _bDunod,
_c2016.
520 _aLa tectonique est la science de la déformation des roches que ce soit à l'échelle centimétrique ou à l'échelle des continents. Cet ouvrage explique les notions essentielles de cette partie de la géologie structurale : les contraintes, les déformations, le comportement des roches sous une contrainte, la déformation cassante, failles, fentes de tension, diaclases, la déformation ductile, les plis semblables et les plis isopaques. Dans cette quatrième édition actualisée, un nouveau chapitre traite des mouvements verticaux, une notion ancienne mais remise en avant par les nouvelles techniques et dont les conséquences sont aujourd'hui importantes pour l'interprétation des phénomènes tectoniques à moyenne et grande échelles.
856 4 1 _uhttps://stm.cairn.info/tectonique--9782100747023?lang=fr&redirect-ssocas=7080
999 _c2110259
_d2110259